Statystyki dla JAKIE KWIATY NAJCZĘŚCIEJ SADZIMY W OGRODZIE?

Kliknij tutaj aby rozwiązać quiz!

Ogólne statystyki

  • Ten quiz został rozwiązany 49 razy
  • Średni wynik to 3 z 5

Statystyki odpowiedzi

Odpowiedź% Poprawnych
RÓŻE
95%
TULIPANY
82%
LILIE
49%
BRATKI
38%
FIOŁKI
31%

Rozkład punktacji

Percentyl według liczby udzielonych odpowiedzi

Procent ludzi z każdym wynikiem

Twoja historia wyników

Nie rozwiązałeś tego quizu